| 000 | 01441nam a22004097a 4500 | ||
|---|---|---|---|
| 003 | CHAP | ||
| 005 | 20240131085905.0 | ||
| 008 | 971010s1984 r 00010 d | ||
| 010 | _a65374 | ||
| 011 | _a66346 | ||
| 035 | _a74454 | ||
| 040 | _cCHAP | ||
| 090 | _aTesis | ||
| 100 | 1 | 0 |
_aChisholm Stadard, Walter _922630 |
| 245 | _aUtilización de plátano (Musa cavendishii L.) de rezaga para la producción de proteína microbiana | ||
| 260 |
_aChapingo, Méx. : _bEl autor, _c1984 |
||
| 300 | _a96 h. gráfs. | ||
| 502 | _aTesis (Ing. Agr. Esp. en Industrias Agrícolas) -- UACH. Departamento de Industrias Agrícolas | ||
| 590 |
_aALEPH _b10 _c20130110 _lUCH01 _h1356 |
||
| 590 |
_aBATCH-UPD _b10 _c20130110 _lUCH01 _h0632 |
||
| 590 |
_aBATCH-UPD _b10 _c20130410 _lUCH01 _h0316 |
||
| 590 |
_aBATCH-UPD _b10 _c20130914 _lUCH01 _h0637 |
||
| 590 |
_aCONVERSION _b10 _c20130109 _lUCH01 _h1336 |
||
| 650 | 1 | 4 |
_aBiomasa. _912825 |
| 650 | 1 | 4 |
_aLevaduras. _966401 |
| 650 | 1 | 4 |
_aPlátano _xSubproductos. _989269 |
| 650 | 1 | 4 |
_aProteínas. _992446 |
| 901 | _aBK | ||
| 942 | _cFOLL | ||
| 949 |
_bBC _cTES _d-138995 _eTS1 _i74454 _si |
||
| 949 |
_bBC _cTES _d-138996 _eTS2 _fc.2 _i74454 _si |
||
| 949 |
_bBC _cTES _d-138997 _eTS2 _fc.3 _h22026 _i74454 _si |
||
| 949 |
_bIA _cTESBD _d-65030 _eTS2 _fc.2 _i74454 _si |
||
| 949 |
_bIA _cTESBD _d-65031 _eTS2 _fc.3 _i74454 _si |
||
| 949 |
_bIA _cTESBD _d-65032 _eTS2 _fc.4 _i74454 _si |
||
| 949 |
_bIA _cTESBD _d-7324 _eTS1 _i74454 _si |
||
| 999 |
_c65374 _d65374 |
||